000 00814nam a2200217Ii 4500
003 JO-AjNU
008 230605s9999||||xx |||||||||||||| ||und||
017 _a2009/12/5174
040 _aJO-AjNU
_bara
_erda
_cJO-AjNU
041 _aara
050 1 4 _aHF 5415 J35 2010
100 3 _aجلاب،احسان دهش/هاشم فوزي دباس العبادي,
_eauthor
_927945
245 0 0 _a التسويق وفق منظور فلسفي ومعرفي معاصر
250 _aط1
264 3 1 _aعمان:مؤسسة الوراق للنشر والتوزيع؛2010
300 _a813ص
_bيحتوي على ببلوغرافية من ص812-813ص
336 _atext
_btxt
_2rdacontent
337 _aunmediated
_bn
_2rdamedia
338 _avolume
_bnc
_2rdacarrier
650 4 _aالتسويق-ادارة المبيعات
_927946
999 _aA10779
_c14347
_d14347